[Event "5th EKA IIFL Investment 2019"]
[Site "Mumbai"]
[Date "2019.12.31"]
[Round "2.25"]
[White "Jay Kundaliya"]
[Black "Kaustuv, Kundu"]
[Result "0-1"]
[WhiteElo "2088"]
[BlackElo "2349"]
[Annotator "ChessBase"]
[PlyCount "128"]
[EventDate "2019.12.30"]
[EventType "swiss"]
[EventCountry "IND"]
[SourceTitle "playchess.com"]
[Source "ChessBase"]
[SourceQuality "1"]
[TimeControl "40/5400+30:1800+30"]

1. d4 {[%emt 0:00:02]} d5 {[%emt 0:00:09]} 2. c4 {[%emt 0:00:28]} Nc6 {[%emt 0:00:05]} 3. e3 {[%emt 0:15:54]} e5 {[%emt 0:01:19]} 4. dxe5 {[%emt 0:03:18]} Nxe5 {[%emt 0:00:36]} 5. Qxd5 {[%emt 0:01:16]} Bd6 {[%emt 0:03:35]} 6. Qd1 {[%emt 0:15:24]} Nf6 {[%emt 0:02:06]} 7. Nc3 {[%emt 0:03:32]} O-O {[%emt 0:01:53]} 8. Nf3 {[%emt 0:01:00]} Nxf3+ {[%emt 0:03:10]} 9. gxf3 {[%emt 0:00:15]} c6 {[%emt 0:01:13]} 10. Qc2 {[%emt 0:02:37]} Qc7 {[%emt 0:01:45]} 11. Bd2 {[%emt 0:01:58]} Be6 {[%emt 0:00:35]} 12. h4 {[%emt 0:02:48]} b5 {[%emt 0:00:54]} 13. cxb5 {[%emt 0:13:25]} cxb5 {[%emt 0:00:05]} 14. Bxb5 {[%emt 0:00:08]} Rab8 {[%emt 0:01:54]} 15. Bd3 {[%emt 0:00:29]} Rfc8 {[%emt 0:01:44]} 16. Ke2 {[%emt 0:14:36]} Qb7 {[%emt 0:01:44]} 17. Rhb1 {[%emt 0:01:51]} Rc5 {[%emt 0:06:18]} 18. Qa4 {[%emt 0:02:09]} Rh5 {[%emt 0:02:41]} 19. Ne4 {[%emt 0:07:21]} Nxe4 {[%emt 0:01:21]} 20. Bxe4 {[%emt 0:00:09]} Qe7 {[%emt 0:00:13]} 21. Bc3 {[%emt 0:00:48]} Bb4 {[%emt 0:04:27]} 22. a3 {[%emt 0:05:39]} Bxc3 {[%emt 0:04:36]} 23. bxc3 {[%emt 0:00:13]} Rc8 {[%emt 0:00:18]} 24. Rb7 {[%emt 0:01:59]} Bc4+ {[%emt 0:04:10]} 25. Qxc4 {[%emt 0:01:41]} Qxb7 {[%emt 0:00:05]} 26. Rd1 {[%emt 0:01:20]} Qb5 {[%emt 0:08:34]} 27. Qxb5 {[%emt 0:00:44]} Rxb5 {[%emt 0:00:05]} 28. Rd7 {[%emt 0:00:32]} Rb2+ {[%emt 0:01:05]} 29. Kd3 {[%emt 0:00:39]} Rb3 {[%emt 0:00:05]} 30. Kd4 {[%emt 0:01:40]} Rbxc3 {[%emt 0:04:33]} 31. Rxa7 {[%emt 0:00:06]} Rc1 {[%emt 0:00:20]} 32. a4 {[%emt 0:00:54]} g6 {[%emt 0:06:29]} 33. a5 {[%emt 0:00:17]} Rd1+ {[%emt 0:03:55]} 34. Ke5 {[%emt 0:00:11]} Re8+ {[%emt 0:00:29]} 35. Kf4 {[%emt 0:00:07]} Kg7 {[%emt 0:04:34]} 36. a6 {[%emt 0:00:22]} Rd6 {[%emt 0:00:29]} 37. Bb7 {[%emt 0:00:41]} Kh6 {[%emt 0:06:03]} 38. e4 {[%emt 0:00:31]} Rf6+ {[%emt 0:08:44]} 39. Kg3 {[%emt 0:00:15]} g5 {[%emt 0:03:07]} 40. hxg5+ {[%emt 0:00:00]} Kxg5 {[%emt 0:00:00]} 41. Bd5 {[%emt 0:09:03]} Rg8 {[%emt 0:09:02]} 42. f4+ {[%emt 0:03:17]} Rxf4 {[%emt 0:07:32]} 43. Rxf7 {[%emt 0:00:07]} Rxf7 {[%emt 0:01:26]} 44. Bxf7 {[%emt 0:00:02]} Ra8 {[%emt 0:00:16]} 45. Bc4 {[%emt 0:00:21]} Rc8 {[%emt 0:02:52]} 46. f4+ {[%emt 0:02:06]} Kg6 {[%emt 0:00:17]} 47. Bd5 {[%emt 0:06:00]} Rc3+ {[%emt 0:00:13]} 48. Kg4 {[%emt 0:01:24]} Ra3 {[%emt 0:00:33]} 49. Bb7 {[%emt 0:00:51]} Ra4 {[%emt 0:00:46]} 50. e5 {[%emt 0:03:33]} h5+ {[%emt 0:05:58]} 51. Kf3 {[%emt 0:00:29]} Ra3+ {[%emt 0:00:49]} 52. Ke4 {[%emt 0:00:31]} h4 {[%emt 0:01:31]} 53. Kd5 {[%emt 0:06:11]} h3 {[%emt 0:00:56]} 54. Ke6 {[%emt 0:01:58]} h2 {[%emt 0:00:58]} 55. f5+ {[%emt 0:01:27]} Kg5 {[%emt 0:00:14]} 56. f6 {[%emt 0:01:12]} Rxa6+ {[%emt 0:00:15]} 57. Bxa6 {[%emt 0:00:07]} h1=Q {[%emt 0:00:06]} 58. f7 {[%emt 0:00:07]} Qc6+ {[%emt 0:00:27]} 59. Ke7 {[%emt 0:00:12]} Qc5+ {[%emt 0:00:37]} 60. Ke8 {[%emt 0:00:35]} Qxe5+ {[%emt 0:00:09]} 61. Kd7 {[%emt 0:02:39]} Qf5+ {[%emt 0:00:14]} 62. Ke7 {[%emt 0:00:11]} Qf6+ {[%emt 0:00:04]} 63. Ke8 {[%emt 0:00:02]} Qe6+ {[%emt 0:00:05]} 64. Kf8 {[%emt 0:00:06]} Kf6 {[%emt 0:00:11]} 0-1

[Event "5th EKA IIFL Investment 2019"]
[Site "Mumbai"]
[Date "2019.12.31"]
[Round "2.26"]
[White "Shiva Pavan Teja Sharma U"]
[Black "Harshavardhan G B"]
[Result "1/2-1/2"]
[WhiteElo "2072"]
[BlackElo "2344"]
[Annotator "ChessBase"]
[PlyCount "133"]
[EventDate "2019.12.30"]
[EventType "swiss"]
[EventCountry "IND"]
[SourceTitle "playchess.com"]
[Source "ChessBase"]
[SourceQuality "1"]
[TimeControl "40/5400+30:1800+30"]

1. e4 {[%emt 0:00:00]} c5 {[%emt 0:00:00]} 2. Nf3 {[%emt 0:00:00]} d6 {[%emt 0:00:00]} 3. d4 {[%emt 0:00:23]} cxd4 {[%emt 0:00:00]} 4. Nxd4 {[%emt 0:00:07]} Nf6 {[%emt 0:00:00]} 5. Nc3 {[%emt 0:00:12]} Nc6 {[%emt 0:00:01]} 6. Bg5 {[%emt 0:01:12]} e6 {[%emt 0:00:07]} 7. Qd2 {[%emt 0:00:24]} a6 {[%emt 0:00:06]} 8. O-O-O {[%emt 0:00:37]} Bd7 {[%emt 0:00:05]} 9. f3 {[%emt 0:00:23]} Be7 {[%emt 0:00:30]} 10. Be3 {[%emt 0:00:24]} h5 {[%emt 0:03:54]} 11. Kb1 {[%emt 0:03:04]} Qc7 {[%emt 0:01:19]} 12. Be2 {[%emt 0:07:38]} Nxd4 {[%emt 0:01:41]} 13. Bxd4 {[%emt 0:03:18]} b5 {[%emt 0:00:39]} 14. Bxf6 {[%emt 0:05:15]} gxf6 {[%emt 0:00:07]} 15. Bd3 {[%emt 0:00:17]} Qb6 {[%emt 0:08:06]} 16. Rhf1 {[%emt 0:01:11]} O-O-O {[%emt 0:01:30]} 17. Qf2 {[%emt 0:08:15]} Kb7 {[%emt 0:02:17]} 18. f4 {[%emt 0:00:53]} Qxf2 {[%emt 0:01:06]} 19. Rxf2 {[%emt 0:00:07]} Bc6 {[%emt 0:00:52]} 20. f5 {[%emt 0:06:15]} b4 {[%emt 0:01:04]} 21. Ne2 {[%emt 0:02:38]} e5 {[%emt 0:00:43]} 22. c4 {[%emt 0:01:55]} Rdg8 {[%emt 0:07:22]} 23. Ng3 {[%emt 0:02:07]} Rg4 {[%emt 0:06:57]} 24. Re1 {[%emt 0:12:02]} Rhg8 {[%emt 0:03:59]} 25. Ree2 {[%emt 0:01:22]} Bd8 {[%emt 0:06:31]} 26. Nxh5 {[%emt 0:09:50]} Rh8 {[%emt 0:01:40]} 27. h3 {[%emt 0:01:40]} Rgg8 {[%emt 0:11:10]} 28. g4 {[%emt 0:00:59]} Rh6 29. Rg2 {[%emt 0:02:26]} a5 {[%emt 0:04:06]} 30. b3 {[%emt 0:02:13]} Kc7 {[%emt 0:02:02]} 31. Bc2 {[%emt 0:01:56]} Kd7 {[%emt 0:00:42]} 32. Rd2 {[%emt 0:02:29]} Kc7 {[%emt 0:03:28]} 33. Kc1 {[%emt 0:04:32]} Be7 {[%emt 0:00:26]} 34. Kd1 {[%emt 0:01:19]} Rhh8 {[%emt 0:00:30]} 35. Ke1 {[%emt 0:00:57]} Ra8 {[%emt 0:00:18]} 36. Kd1 {[%emt 0:00:55]} a4 {[%emt 0:02:03]} 37. Rge2 {[%emt 0:01:52]} axb3 {[%emt 0:02:22]} 38. Bxb3 {[%emt 0:00:18]} Ra3 {[%emt 0:00:23]} 39. Kc1 {[%emt 0:02:49]} Rha8 {[%emt 0:01:07]} 40. Kb1 {[%emt 0:00:00]} Ba4 {[%emt 0:00:00]} 41. Rd3 {[%emt 0:04:05]} Kc6 {[%emt 0:11:47]} 42. Red2 {[%emt 0:02:58]} Bxb3 43. Rxb3 {[%emt 0:00:33]} Bd8 {[%emt 0:01:41]} 44. Rbd3 {[%emt 0:02:45]} Rxd3 {[%emt 0:00:38]} 45. Rxd3 {[%emt 0:00:05]} Be7 {[%emt 0:00:07]} 46. Ng3 {[%emt 0:03:00]} Kc5 {[%emt 0:00:19]} 47. Nf1 {[%emt 0:00:49]} Kxc4 {[%emt 0:00:57]} 48. Rd5 {[%emt 0:00:51]} Kc3 {[%emt 0:03:16]} 49. Ne3 {[%emt 0:02:59]} b3 {[%emt 0:00:44]} 50. axb3 {[%emt 0:02:51]} Rb8 {[%emt 0:01:21]} 51. Ka2 {[%emt 0:06:41]} Ra8+ {[%emt 0:00:08]} 52. Kb1 {[%emt 0:00:12]} Rh8 {[%emt 0:06:55]} 53. Rd1 {[%emt 0:03:39]} Kxb3 {[%emt 0:00:25]} 54. Rd3+ {[%emt 0:00:44]} Ka4 {[%emt 0:00:06]} 55. Nd5 {[%emt 0:00:30]} Bd8 {[%emt 0:01:04]} 56. Kc2 {[%emt 0:01:01]} Kb5 {[%emt 0:06:57]} 57. Kd1 {[%emt 0:01:18]} Rh6 {[%emt 0:03:26]} 58. Ke2 {[%emt 0:00:52]} Ba5 {[%emt 0:00:46]} 59. Nxf6 {[%emt 0:01:39]} Bd8 {[%emt 0:01:58]} 60. Nd5 {[%emt 0:04:51]} Bg5 {[%emt 0:03:11]} 61. Nc3+ {[%emt 0:01:43]} Kc4 {[%emt 0:01:12]} 62. Nd5 {[%emt 0:00:49]} Rh8 {[%emt 0:01:48]} 63. Nb6+ {[%emt 0:00:55]} Kc5 {[%emt 0:00:22]} 64. Na4+ {[%emt 0:00:24]} Kb4 {[%emt 0:00:54]} 65. Nb6 {[%emt 0:01:09]} Kc5 {[%emt 0:00:06]} 66. Na4+ {[%emt 0:00:50]} Kb4 {[%emt 0:00:06]} 67. Nb6 {[%emt 0:00:40]} 1/2-1/2

[Event "5th EKA IIFL Investment 2019"]
[Site "Mumbai"]
[Date "2019.12.31"]
[Round "2.27"]
[White "Ameir, Moheb"]
[Black "Sri Sai Baswanth P"]
[Result "1-0"]
[WhiteElo "2342"]
[BlackElo "2027"]
[Annotator "ChessBase"]
[PlyCount "67"]
[EventDate "2019.12.30"]
[EventType "swiss"]
[EventCountry "IND"]
[SourceTitle "playchess.com"]
[Source "ChessBase"]
[SourceQuality "1"]
[TimeControl "40/5400+30:1800+30"]

1. e4 {[%emt 0:00:00]} g6 {[%emt 0:00:01]} 2. d4 {[%emt 0:00:00]} Bg7 {[%emt 0:00:10]} 3. Nc3 {[%emt 0:00:00]} c6 {[%emt 0:00:08]} 4. Nf3 {[%emt 0:00:28]} d6 {[%emt 0:01:07]} 5. Be2 {[%emt 0:02:10]} Nf6 {[%emt 0:00:07]} 6. O-O {[%emt 0:00:18]} O-O {[%emt 0:00:09]} 7. h3 {[%emt 0:00:58]} Nbd7 {[%emt 0:00:52]} 8. a4 {[%emt 0:10:39]} e5 {[%emt 0:01:14]} 9. dxe5 {[%emt 0:03:29]} Nxe5 {[%emt 0:00:08]} 10. Nd4 {[%emt 0:03:22]} Re8 {[%emt 0:06:17]} 11. Re1 {[%emt 0:17:32]} a5 {[%emt 0:09:57]} 12. Bf1 {[%emt 0:05:50]} Ned7 {[%emt 0:06:28]} 13. Nb3 {[%emt 0:03:16]} Nb6 {[%emt 0:07:20]} 14. Bf4 {[%emt 0:08:27]} d5 {[%emt 0:04:30]} 15. Qd2 {[%emt 0:00:49]} Nc4 {[%emt 0:09:23]} 16. Bxc4 {[%emt 0:00:34]} dxc4 {[%emt 0:00:06]} 17. Qxd8 {[%emt 0:00:46]} Rxd8 {[%emt 0:00:08]} 18. Nxa5 {[%emt 0:00:22]} Nh5 {[%emt 0:06:01]} 19. Bh2 {[%emt 0:04:28]} Rd4 {[%emt 0:03:25]} 20. Bc7 Rd7 {[%emt 0:09:22]} 21. Bb6 {[%emt 0:02:29]} Rd2 {[%emt 0:00:19]} 22. Rad1 {[%emt 0:05:21]} Rxd1 {[%emt 0:11:27]} 23. Rxd1 {[%emt 0:00:22]} Bf6 {[%emt 0:03:45]} 24. Nxc4 {[%emt 0:06:36]} Be6 {[%emt 0:02:08]} 25. Nd6 {[%emt 0:03:23]} Bxc3 {[%emt 0:02:45]} 26. bxc3 {[%emt 0:00:01]} Rxa4 {[%emt 0:00:08]} 27. e5 {[%emt 0:06:22]} Ra2 {[%emt 0:00:49]} 28. Ne8 {[%emt 0:01:22]} Kf8 {[%emt 0:09:04]} 29. Rd8 {[%emt 0:02:18]} Ke7 {[%emt 0:00:45]} 30. Rb8 {[%emt 0:01:38]} Rxc2 {[%emt 0:00:55]} 31. g4 {[%emt 0:01:18]} Nf4 {[%emt 0:02:22]} 32. Nf6 {[%emt 0:01:55]} Bd7 {[%emt 0:03:21]} 33. Rxb7 {[%emt 0:00:02]} Rd2 {[%emt 0:00:10]} 34. Bd4 {[%emt 0:01:03]} 1-0

[Event "5th EKA IIFL Investment 2019"]
[Site "Mumbai"]
[Date "2019.12.31"]
[Round "2.28"]
[White "Vaibhav, Suri"]
[Black "Anadkat Kartavya"]
[Result "1-0"]
[WhiteElo "2597"]
[BlackElo "2023"]
[Annotator "TA"]
[PlyCount "63"]
[EventDate "2019.12.30"]
[EventType "swiss"]
[EventCountry "IND"]
[SourceTitle "playchess.com"]
[Source "ChessBase"]
[SourceQuality "1"]

{[%evp 19,63,0,0,0,21,20,18,17,30,-15,-17,-19,0,-65,-58,-56,-58,-64,-52,-89,0,0,0,-53,20,35,34,0,0,0,0,-2,0,-69,-68,-62,-48,-79,130,113,107,118,657,637,29998,29999]} 1. c4 Nf6 2. Nc3 e5 3. g3 d5 4. cxd5 Nxd5 5. Bg2 Nb6 6. Nf3 Nc6 7. O-O Be7 8. b3 O-O 9. Bb2 Be6 10. Rc1 f6 11. Ne4 {A29: English Opening: Four Knights Variation with 4 g3} a5 (11... Bd5 12. Qc2 Nb4 13. Qb1 Nxa2 14. Nxf6+ Bxf6 15. Qxa2 e4 16. Nd4 Qd7 17. Qb1 Rae8 18. e3 c6 {½-½ (45) Topalov,V (2754)-Giri,A (2790) Stavanger 2016}) 12. d4 {[%cal Rd4e5]} Bd5 13. Nc3 {The position is equal.} e4 $1 {[%cal Re4f3]} 14. Ne1 f5 15. e3 $146 ({Predecessor:} 15. f3 Bg5 16. f4 Be7 17. Nc2 a4 18. Ne3 Nb4 19. Nexd5 N6xd5 20. Nxd5 Nxd5 21. bxa4 {1-0 (35) Della Corte,A (2229)-Santagati,A (2167) St Eufemia d'Aspromonte 2010}) 15... Qd7 16. g4 (16. f3 $11) 16... Rae8 17. gxf5 Qxf5 18. f3 exf3 19. Nxd5 Nxd5 (19... f2+ $17 20. Kh1 Nxd5) 20. Rxf3 $11 Qd7 21. Rg3 (21. Nd3 $11) 21... Bh4 (21... Ncb4 $1 $15 22. Qh5 Nf6) 22. Qh5 $1 {[%csl LRd5,LRh4][%mdl 64] Double Attack} Bxg3 23. Bxd5+ Kh8 24. hxg3 {aiming for Ng2.} Rxe3 {And now ...Rf5 would win.} 25. Bg2 $40 {[%mdl 128] Black needs to defend precisely.} Nxd4 26. Kh2 (26. Rd1 $11 Qb5 27. Qxb5 Nxb5 28. Nf3) 26... Qd6 $15 (26... Rf2 $6 27. Bxd4 Qxd4 28. Rxc7 $14) 27. Qg4 Nf5 {[%cal Re3g3]} 28. Nf3 Re6 $2 (28... Re2 $17 {stays on course.} 29. Nh4 Rxb2 30. Nxf5 Rxg2+ {[%mdl 64] Remove Defender, Decoy} 31. Kxg2 Qd5+ {[%mdl 64] Double Attack} 32. Kg1 Rxf5 33. Rxc7 g6 34. Rc8+ Kg7 35. Rc7+ Rf7) 29. Nh4 $16 Rh6 {[#] White must now prevent ...Rxh4+.} 30. Kh3 $1 {Hoping for Rf1.} Qe7 $2 {[%mdl 8192]} (30... c5 $16) 31. Rf1 $18 Nxh4 {[#]} 32. Qxg7+ $1 {[%mdl 576] Back Rank. Accuracy: White = 57%, Black = 34%.} 1-0

[Event "5th EKA IIFL Investment 2019"]
[Site "Mumbai"]
[Date "2019.12.31"]
[Round "2.29"]
[White "Vatsal Singhania"]
[Black "Gupta, Abhijeet"]
[Result "1/2-1/2"]
[WhiteElo "2252"]
[BlackElo "2611"]
[Annotator "TA"]
[PlyCount "203"]
[EventDate "2019.12.30"]
[EventType "swiss"]
[EventCountry "IND"]
[SourceTitle "playchess.com"]
[Source "ChessBase"]
[SourceQuality "1"]

{[%evp 24,203,-5,-3,2,-7,7,12,35,4,4,12,20,21,15,-35,-21,-43,-37,-31,-26,-33,-27,-34,-11,-9,0,0,0,0,0,0,4,0,10,10,67,70,69,67,63,41,58,57,52,0,0,0,0,0,0,0,0,-8,0,-8,49,0,0,0,0,0,0,0,0,0,0,0,0,0,0,0,0,-8,-8,-25,-25,-25,-25,-25,-25,-69,-77,-76,-82,-93,-88,-947,-755,-677,-668,-612,-8,-8,-8,-8,-8,-8,-8,-8,-8,-14,-8,-8,-8,-8,-8,-8,-8,-8,-8,-8,-8,-8,-8,-8,-8,-8,-8,-8,-8,-8,-8,-8,-8,-8,-8,-8,-8,-8,-8,-8,-8,-8,-8,-8,-8,-8,-8,-8,-8,-8,-8,-8,-8,-8,-8,-8,0,-8,-8,-8,-8,-8,-8,-8,-8,-8,-8,-8,-8,-9,-8,-77,-8,-8,-8,-8,-8,-8,-8,-8,-8,-8,0,0,0,-8,-8,-8,-8,-8]} 1. e4 c5 2. Nf3 d6 3. d4 cxd4 4. Nxd4 Nf6 5. Nc3 Nc6 6. Be2 e5 7. Nf3 h6 8. O-O Be7 9. Re1 O-O 10. h3 a6 11. a4 Be6 12. Bf1 Rc8 13. b3 Nb4 {B58: Classical Sicilian: 6 Be2} 14. Bb2 Rc5 15. Ba3 a5 16. Nb5 $146 ({Predecessor:} 16. Bxb4 axb4 17. Na2 d5 18. Nxe5 dxe4 19. Nc4 Qc7 20. c3 Rg5 21. Kh1 {0-1 (30) Zacarias,M (2208)-Delgado Ramirez,N (2609) Asuncion 2015}) 16... Nxc2 {[%mdl 64] Double Attack} 17. Bxc5 Nxe1 18. Qxe1 dxc5 19. Rb1 c4 20. Bxc4 Bxc4 21. bxc4 Bb4 22. Qe3 Qc8 23. Nxe5 Re8 24. Rxb4 $1 axb4 25. Nd6 {[%mdl 64] Double Attack} Qe6 26. Nxe8 Nxe8 27. Qd4 Qf6 28. c5 $36 {[%mdl 2048] White has the initiative.} b3 29. Qb2 Nc7 (29... Qe6 $1 $11) 30. Nc4 $14 Qxb2 31. Nxb2 {[%mdl 4096] Endgame KN-KN} Kf8 32. Kf1 Ke7 33. Ke2 Ne6 34. Kd3 (34. c6 $1 $14 b6 35. Kd3) 34... Nxc5+ $11 35. Kd4 Kd6 36. f3 Kc6 37. Kc3 g5 38. Nc4 f6 39. Ne3 Kd7 (39... Nxa4+ $11 40. Kxb3 Nc5+ 41. Kc3 Ne6) 40. Nf5 h5 41. a5 h4 42. Nd4 Kd6 43. Kb2 (43. Nxb3 $2 Nxb3 44. Kxb3 Kc5 $19) 43... Ke5 44. Nf5 $1 ({Don't go for} 44. Nxb3 $2 Nxb3 45. Kxb3 Kf4 $19) 44... Ke6 45. Nd4+ Kd7 46. Kc3 b2 {[%mdl 64] Decoy} 47. Kxb2 Nd3+ $1 48. Kc3 Nf4 49. Nb3 Nxg2 50. e5 fxe5 51. Nc5+ Kc6 52. Ne4 Nf4 53. Nxg5 Kb5 54. Nf7 Nxh3 55. Nxe5 $2 {[%mdl 8192]} (55. Nd6+ $17 Kxa5 56. Nxb7+ Kb6 57. Nd6) 55... Ng1 56. f4 {[#]} h3 $1 {[%cal Rh3h2]} 57. Ng4 Ne2+ $2 ({Black should try} 57... Nf3 $19 {Hoping for ...h2.} 58. f5 Kxa5) 58. Kd3 Nxf4+ 59. Ke4 Ne6 60. Nf2 $1 h2 61. Kf3 Kxa5 62. Kg2 Kb4 63. Ne4 b6 (63... Nc7 {seems wilder.} 64. Nd6 b6 65. Nc8 b5 66. Nd6 Ka3) 64. Kxh2 Kc4 65. Nd6+ Kd5 66. Nb5 Nd4 67. Nc3+ Kc4 68. Ne4 Nf5 (68... Ne2 {is more complex.} 69. Kg2 Nc3 70. Ng5 b5 71. Kf3 Kd3) 69. Kg2 Kd4 70. Ng5 b5 71. Kf2 Kd3 {aiming for ...b4.} 72. Ne6 b4 {White must now prevent ...Kc4.} 73. Nc5+ Kc4 (73... Kc2 {keeps more tension.} 74. Kf3 Kc3 75. Kf2 Kd4 76. Nb3+ Kd5) 74. Ne4 Kd4 (74... Kb5 {is interesting.} 75. Ke2 Kb6 76. Kd3 Ka5 77. Kc4 Ne3+) 75. Nd2 Kd3 76. Ke1 Ne3 77. Nb3 Kc4 78. Nd2+ Kc3 {next ...Kc2 is good for Black.} 79. Ke2 Nc4 80. Ne4+ Kd4 81. Nf2 b3 {( -> ...b2)} 82. Nd1 Kc5 {And now ...Kd4 would win.} (82... Nb6 $5 83. Kd2 $8 Nc4+ 84. Kc1 Ke5 $11) 83. Kd3 Kb4 84. Kd4 Nd6 85. Kd3 Nc4 86. Kd4 Nb6 {Black wants to play ...Ka3.} 87. Kd3 Na4 88. Kd2 Ka3 89. Kc1 Ka2 90. Kd2 Ka1 91. Kc1 Nc5 92. Kd2 Ne4+ 93. Ke3 {[#]} (93. Kd3 $11 {keeps the balance.}) 93... Nd6 (93... Nf6 $1 $17 {White should prevent ...Ka2.} 94. Kd4 Ka2) 94. Kd4 {The position is equal.} Ka2 {With the idea ...Nf7.} 95. Kc5 $1 Nf5 96. Kb4 $1 {[#]} Ne3 $1 {[%mdl 512]} 97. Nc3+ (97. Nxe3 b2) 97... Kb2 98. Ne2 Nd5+ 99. Kc4 Ne3+ 100. Kb4 Nc2+ 101. Ka4 Na1 {...Kb1 is the strong threat.} 102. Nd4 {Accuracy: White = 76%, Black = 51%.} 1/2-1/2

[Event "5th EKA IIFL Investment 2019"]
[Site "Mumbai"]
[Date "2019.12.31"]
[Round "2.30"]
[White "Saurabh Anand"]
[Black "Fedorov, Alexei"]
[Result "1-0"]
[WhiteElo "2269"]
[BlackElo "2562"]
[Annotator "TA"]
[PlyCount "95"]
[EventDate "2019.12.30"]
[EventType "swiss"]
[EventCountry "IND"]
[SourceTitle "playchess.com"]
[Source "ChessBase"]
[SourceQuality "1"]

{[%evp 14,95,58,51,51,45,50,41,54,52,48,38,41,33,45,29,61,48,75,75,72,62,64,56,176,133,157,116,125,30,95,78,73,88,82,85,100,74,74,74,74,75,74,74,74,63,63,69,69,68,72,72,68,68,76,70,111,110,93,90,161,147,150,137,261,241,276,261,406,416,404,398,453,449,535,532,534,529,485,462,528,470,29997,29998]} 1. e4 c5 2. Nf3 e6 3. d4 cxd4 4. Nxd4 a6 5. Bd3 Bc5 6. Nb3 Be7 7. Qg4 g6 8. Qe2 d6 {B42: Sicilian: Kan Variation: 5 Bd3} 9. O-O Nd7 10. Nc3 (10. a4 Ne5 11. a5 Nf6 12. Nc3 Bd7 13. Be3 O-O 14. f4 Nxd3 15. cxd3 e5 16. Bb6 {1-0 (46) Chigaev,M (2640)-Fedorchuk,S (2633) Riga 2019}) 10... Qc7 {White is slightly better.} 11. Bd2 b6 12. Rae1 Bb7 13. f4 h5 14. h3 h4 15. Nd4 Nc5 $146 ({Predecessor:} 15... Ngf6 16. Qf2 {0-1 (43) Roser,K (2403)-Abergel,T (2440) La Massana 2015}) 16. Qf2 Nf6 17. b4 Nxd3 18. cxd3 e5 (18... Qd7 $14) 19. Nc2 O-O 20. Ne3 b5 21. Rc1 (21. f5 $16) 21... Qd8 (21... Qb6 $11) 22. Ncd5 Bxd5 23. Nxd5 ({But not} 23. exd5 exf4 24. Qxf4 Nh5 $11) 23... Nxd5 24. exd5 exf4 25. Bxf4 {And now Bh6 would win.} Bg5 26. Rc6 Bxf4 27. Qxf4 Qe7 28. Rxd6 Rad8 29. Rf6 Rxd5 30. Qxh4 {[#] Threatens to win with Rxg6+!} Qe3+ 31. Qf2 Qxd3 32. Kh2 {[%cal Rf6f7]} Rd7 33. Rxa6 Re8 34. Qf4 Qd4 35. Qxd4 Rxd4 $16 {[%mdl 4096] Endgame KRR-KRR} 36. Ra7 f5 (36... Rf8 $16 {is a better defense.}) 37. a3 Red8 38. Rb7 R4d7 (38... R4d5 $16 39. Rc1 R8d7 40. Rb8+ Rd8) 39. Rxb5 $18 Ra8 40. Rf3 Rda7 (40... Kh7 $142 41. Rb6 Rd2) 41. Rb6 Kh7 42. Rg3 f4 43. Rgxg6 f3 44. gxf3 Rxa3 45. Kg3 Rb3 46. Rg4 Ra1 47. Rb5 {[%cal Rb5h5] [#]} Kh6 (47... Ra6 $18 48. Rh5+ Rh6) 48. Kh4 {Accuracy: White = 82%, Black = 42%.} 1-0

[Event "5th EKA IIFL Investment 2019"]
[Site "Mumbai"]
[Date "2019.12.31"]
[Round "2.31"]
[White "Tukhaev, Adam"]
[Black "Pranav Vijay"]
[Result "1-0"]
[WhiteElo "2552"]
[BlackElo "2265"]
[Annotator "TA"]
[PlyCount "81"]
[EventDate "2019.12.30"]
[EventType "swiss"]
[EventCountry "IND"]
[SourceTitle "playchess.com"]
[Source "ChessBase"]
[SourceQuality "1"]

{[%evp 24,80,16,20,20,25,25,34,21,6,70,95,82,84,196,186,209,226,212,239,237,244,264,256,268,268,330,325,325,328,530,482,786,542,541,551,1076,1062,1018,1014,1007,985,1131,1108,29990,1330,2339,2212,29986,29987,29987,29988,29988,29989,29990,29990,29990,29991,29999]} 1. e4 e5 2. Nf3 Nc6 3. Bb5 a6 4. Ba4 Nf6 5. O-O b5 6. Bb3 Bc5 7. c3 d6 8. d4 Bb6 9. a4 Rb8 10. Na3 O-O 11. axb5 axb5 12. Nxb5 Bg4 13. Bc2 Bxf3 {C78: Ruy Lopez: Archangelsk and Möller Defences} 14. gxf3 Nh5 15. f4 Qh4 {White is slightly better.} 16. Qf3 exd4 (16... Nxf4 $11 17. Bxf4 exf4) 17. e5 $14 dxc3 18. bxc3 {[#]} ({Reject} 18. Qxc6 $6 Qg4+ 19. Qg2 Qxg2+ 20. Kxg2 cxb2 $11) 18... Ne7 $146 (18... d5 $16) ({Predecessor:} 18... Bc5 19. Nxc7 Rbc8 20. Na6 Ba7 21. Bf5 Ne7 22. Bxc8 Nxc8 23. Nb4 {1-0 (23) Short,N (2655)-Sulskis,S (2562) Liverpool 2008}) 19. Ra4 $1 $18 {f5 is the strong threat.} ({Don't take} 19. exd6 $6 cxd6 20. Nxd6 Rfd8 $16) 19... f5 20. exd6 $40 {[%mdl 128] White goes for the king.} cxd6 21. Nxd6 g6 22. Ba3 Rfd8 23. Re1 Rd7 24. c4 Bd4 25. c5 Bf6 26. Kh1 Rbd8 $2 (26... Qg4 {was called for.} 27. Qxg4 fxg4) 27. Rg1 Kf8 (27... Kh8 $142 28. Nf7+ {[%mdl 64] Double Attack} Kg7 29. Nxd8 Rxd8) 28. c6 Rxd6 29. c7 {[%mdl 64] Threatens to win with Ra8. Zwischenzug} R8d7 30. Bxd6 Rxd6 31. Ra8+ Kg7 32. Re8 Rd2 {[#]} 33. Rxe7+ $1 {[%mdl 512]} Kh6 (33... Bxe7 34. Qc3+) 34. Re2 (34. c8=Q $142 Rd8 {[#]} 35. Rxg6+ $1 {[%mdl 512]} hxg6 36. Qxd8 Bg7 37. Bd1 Qf6 38. Qh3 $1 {[%mdl 512]} Qc6+ 39. Kg1) 34... Rd4 35. c8=Q Rxf4 36. Qe3 {White mates.} Bd4 37. Qf8+ Bg7 38. Qd6 Bf6 39. Bb3 Kg7 40. Qc7+ Kh8 41. Qe8# {Accuracy: White = 86%, Black = 32%.} 1-0